00481nam a2200085Ia 4500008004100000245023300041260000900274300008800283650002400371180130s9999 xx 000 0 und d cPirritano, Domenico; Plastino, Massimiliano; Bosco, Domenico; Gallelli, Luca; Siniscalchi, Antonio; De Sarro, GiovambattistaaGambling disorder during dopamine replacement treatment in Parkinson's disease: a comprehensive review c2015 aBook title: Contemporary clinical psychology--Acession number C20256; pages 179-200 aCLINICAL PSYCHOLOGY